Catálogo público

Distribución de Radopholus similis (Coob., 1893) Thorne, 1949 en el estado de Chiapas, causante de la pudrición de raíces y rizomas en plátano Musa spp. / (Record no. 201565)

MARC details
000 -CABECERA
campo de control de longitud fija 01059nam a2200277Ia 4500
001 - NÚMERO DE CONTROL
campo de control Para_3063
003 - IDENTIFICADOR DEL NÚMERO DE CONTROL
campo de control CHAP
008 - DATOS DE LONGITUD FIJA--INFORMACIÓN GENERAL
campo de control de longitud fija 220125s1970 xx 000 0 und d
010 ## - NÚMERO DE CONTROL DE LA BIBLIOTECA DEL CONGRESO
Número de control de LC 201565
040 ## - FUENTE DE LA CATALOGACIÓN
Centro/agencia transcriptor CHAP
090 ## - LOCALMENTE ASIGNADO TIPO-LC NÚMERO DE CLASIFICACIÓN (OCLC); NÚMERO DE CLASIFICACIÓN LOCAL (RLIN)
Número de clasificación (OCLC) (R) ; Numero de clasificación, CALL (RLIN) (NR) PA TESIS 296
100 ## - ENTRADA PRINCIPAL--NOMBRE DE PERSONA
Nombre de persona Salazar Moreno, Marco Antonio
9 (RLIN) 101411
245 ## - MENCIÓN DE TÍTULO
Título Distribución de Radopholus similis (Coob., 1893) Thorne, 1949 en el estado de Chiapas, causante de la pudrición de raíces y rizomas en plátano Musa spp. /
Mención de responsabilidad, etc. Marco Antonio Salazar Moreno
260 ## - PUBLICACIÓN, DISTRIBUCIÓN, ETC.
Lugar de publicación, distribución, etc. Chapingo, Méx. :
Nombre del editor, distribuidor, etc. El autor
300 ## - DESCRIPCIÓN FÍSICA
Extensión 47 h.
502 ## - NOTA DE TESIS
Nota de tesis Tesis (Ing. Agr. Esp. en Parasitología Agrícola) -- ENA. Departamento de Parasitología Agrícola
650 ## - PUNTO DE ACCESO ADICIONAL DE MATERIA--TÉRMINO DE MATERIA
Término de materia o nombre geográfico como elemento de entrada Radopholus similis Plátano
Subdivisión general Enfermedades por nemátodos Pudrición de la raíz
-- Plátano
9 (RLIN) 166487
710 ## - PUNTO DE ACCESO ADICIONAL--NOMBRE DE ENTIDAD CORPORATIVA
Nombre de entidad corporativa o nombre de jurisdicción como elemento de entrada ENA. Departamento de Parasitologia Agricola
9 (RLIN) 36701
901 ## - ELEMENTOS DE DATOS A LOCAL LDA (RLIN)
a PA TESIS 296
902 ## - ELEMENTOS DE DATOS B LOCAL, LDB (RLIN)
a A
905 ## - ELEMENTOS DE DATOS E LOCAL, LDE (RLIN)
a 0000001970 CHAa 0000000000 00
910 ## - DATOS DE OPCIÓN DEL USUARIO (OCLC)
Datos de opción del usuario 1970
942 ## - ELEMENTOS DE PUNTO DE ACCESO ADICIONAL (KOHA)
Tipo de ítem Koha Parasitologia_
942 ## - ELEMENTOS DE PUNTO DE ACCESO ADICIONAL (KOHA)
Tipo de ítem Koha Parasitologia_
-- 1
Holdings
Estado de retiro Estado de pérdida Fuente del sistema de clasificación o colocación Estado dañado Restricciones de uso No para préstamo Código de colección Localización permanente Ubicación/localización actual Fecha de adquisición Información codificada de la localización en otra ubicación Número de inventario Total de préstamos Signatura topográfica completa Código de barras Fecha visto por última vez Número de copia Precio válido a partir de Tipo de ítem Koha Nota pública
    Clasificación Universidad Autónoma de Chapingo   Préstamo interno   Tesis Parasitologia Agricola Parasitologia Agricola 27/10/2005 PARA (PA_665) (No. UACh CONSUMO)   PA TESIS 296 4101000408 25/01/2022 Ej.1 25/01/2022 Tesis 3